| 000 | 00494nam a2200229Ia 4500 | ||
|---|---|---|---|
| 003 | 0100 | ||
| 008 | 130303s9999 xx 000 0 und d | ||
| 040 | _cARRUPELIB | ||
| 050 | _aB1297.Y64 1993 | ||
| 100 | _aYolton, John W | ||
| 245 | 2 | _aA Locke dictionary | |
| 260 | _aOxford | ||
| 260 | _bBlackwell | ||
| 260 | _C1993 | ||
| 300 | _a348p. | ||
| 300 | _b22cm | ||
| 650 | _aPHILOSOPHY | ||
| 650 | _bCosmology | ||
| 650 | _cMetaphysics | ||
| 650 | _dSpace and time | ||
| 942 | 0 | 0 | _03 |
| 999 |
_c19103 _d19103 |
||